000 00558nam a2200181Ia 4500
008 090124s9999 xx 000 0 und d
082 _b29057
100 _aपानतावणे डॉ. गंगाधर
245 _a चैत्य
250 _a1
260 _bप्रतिमा प्रकाशन
_c1990
300 _a134
600 _aपानतावणे डॉ. गंगाधर
630 _a चैत्य
700 _aपानतावणे डॉ. गंगाधर
730 _a चैत्य
942 _cBOOK
999 _c94767
_d94767